书目信息 |
| 题名: |
过瘾湘菜
|
|
| 作者: | 夏强 主编 | |
| 分册: | ||
| 出版信息: | 北京 中国华侨出版社 2014 |
|
| 页数: | 306页 | |
| 开本: | 25cm | |
| 丛书名: | ||
| 单 册: | ||
| 中图分类: | TS972.182.64 , TS972.182 | |
| 科图分类: | ||
| 主题词: | 湘菜--菜谱 | |
| 电子资源: | ||
| ISBN: | 978-7-5113-4797-8 | |
| 000 | 00857nam0 2200241 450 | |
| 001 | 2348877054 | |
| 005 | 20231110082619.12 | |
| 010 | @a978-7-5113-4797-8@b软精装@dCNY52.00 | |
| 100 | @a20141117d2014 em y0chiy50 ea | |
| 101 | 0 | @achi |
| 102 | @aCN@b110000 | |
| 105 | @aa z 000yy | |
| 200 | 1 | @a过瘾湘菜@Aguo yin xiang cai@f夏强主编 |
| 210 | @a北京@c中国华侨出版社@d2014 | |
| 215 | @a306页@c彩图@d25cm | |
| 300 | @a金版 | |
| 330 | @a本书第一章对湘菜的饮食文化以及历史渊源、湘菜的特点、湘菜特色原料、湘菜的调味风格等方面进行了简要的介绍,之后按照经典湘菜、农学湘菜和创新湘菜分类,共收录了近600道深受大众喜爱的湘味菜肴,包括凉菜、炒菜、烧菜、蒸菜、汤菜、小吃等。 | |
| 606 | 0 | @a湘菜@x菜谱 |
| 690 | @aTS972.182.64@v5 | |
| 690 | @aTS972.182@v4 | |
| 701 | 0 | @a夏强@Axia qiang@4主编 |
| 801 | 0 | @aCN@b安徽时代@c20230923 |
| 905 | @aBZT@dTS972.182@e33 | |
| 过瘾湘菜/夏强主编.-北京:中国华侨出版社,2014 |
| 306页:彩图;25cm |
| 金版 |
| ISBN 978-7-5113-4797-8(软精装):CNY52.00 |
| 本书第一章对湘菜的饮食文化以及历史渊源、湘菜的特点、湘菜特色原料、湘菜的调味风格等方面进行了简要的介绍,之后按照经典湘菜、农学湘菜和创新湘菜分类,共收录了近600道深受大众喜爱的湘味菜肴,包括凉菜、炒菜、烧菜、蒸菜、汤菜、小吃等。 |
| ● |
| 相关链接 |
|
|
|
正题名:过瘾湘菜
索取号:TS972.182/33
 
预约/预借
| 序号 | 登录号 | 条形码 | 馆藏地/架位号 | 状态 | 备注 |
| 1 | 2000916865 | 2000916865 | 315书库/四28架A面3层4列/ [索取号:TS972.182/33] | 在馆 | |
| 2 | 2000916866 | 2000916866 | 315书库/四28架A面3层4列/ [索取号:TS972.182/33] | 在馆 | |
| 3 | 2000916867 | 2000916867 | 315书库/四28架A面3层4列/ [索取号:TS972.182/33] | 在馆 | |
| 4 | 2000916868 | 2000916868 | 315书库/四28架A面3层4列/ [索取号:TS972.182/33] | 在馆 | |
| 5 | 2000916869 | 2000916869 | 315书库/四28架A面3层4列/ [索取号:TS972.182/33] | 在馆 | |
| 6 | 2000916870 | 2000916870 | 315书库/四28架A面3层4列/ [索取号:TS972.182/33] | 在馆 |